| 000 | 00664nam a2200229 a 4500 | ||
|---|---|---|---|
| 001 | 68496 | ||
| 003 | BD-RjUL | ||
| 005 | 20211209081759.0 | ||
| 008 | 170403m19511950nyua 001 0 eng d | ||
| 035 | _a(BD-RjUL)68706 | ||
| 040 |
_aDLC _cTOL _dOCL _dBD-RjUL _beng |
||
| 041 | _aeng | ||
| 082 |
_223 _a621.31242 _bVIP 1951 |
||
| 100 | 1 |
_aVinal, George Wood _9203028 |
|
| 245 | 1 | 0 |
_aPrimary batteries / _cGeorge Wood Vinal |
| 260 |
_aNew York : _bJohn Wiley & Sons, _c1950 [Printing 1951]. |
||
| 300 |
_axi, 336 p. : _bill. ; _c22 cm. |
||
| 500 | _aInclude Index. | ||
| 650 | 0 |
_aElectrochemical energy conversion _9203029 |
|
| 942 |
_2ddc _cBK |
||
| 999 |
_c68496 _d68496 |
||